000 00487nam a2200193Ia 4500
003 GCL
008 140319s9999 xx 000 0 eng d
040 _aGCL /
_cGCL
082 0 4 _a791.43
_bM F
100 1 _aMAST, GERALD
245 1 0 _aFILM THEORY AND CRITICISM /
_cMAST, GERALD
700 1 _aCOHEN, MARSALL
700 1 _aBRAUDY, LEO
260 _a[S.N] :
_bOXFORD UNIVERSITY PRESS ،
_c1992
300 _a797 P
650 0 4 _aMOTION PICTURES
650 0 4 _aFILMS
942 _2ddc
_cBK
999 _c11815
_d11815